Kremlin kadınları (Record no. 10682)

MARC details
000 -BAŞLIK
Sabit Uzunlukta Kontrol Alanı 00651na a2200217 4500
001 - KONTROL NUMARASI
Denetim Alanı 24122
003 - KONTROL NUMARASI IDENTIFIER
Denetim Alanı MIRAKIL
005 - SON İŞLEM TARİHİ VE ZAMANI
Denetim Alanı 20181213155330.0
008 - SABİT-BOY VERİ ELEMANLARI - GENEL BİLGİLER
Sabit Uzunlukta Kontrol Alanı 180531b tu 000 0
020 ## - ULUSLARARASI STANDART KİTAP NUMARASI
Uluslararası Standart Kitap Numarası 9786059210010
040 ## - KATALOGLAMA KAYNAK
Orijinal Kataloglama Ajansı Milas
Kataloglama Dili tur
Metne Dönüştürmek Ajansı TR-AnCHP
041 ## - DİL KODU
Metin / Ses Parça Veya Ayrı Başlığın Dil Kodu tur
082 ## - DEWEY ONLU SINIFLANDIRMA NUMARASI
Sınıflandırma Numarası 891.7344
Ürün Numarası V27k 2015
090 ## - SINIFLAMA NUMARASI
Sınıflama Numarası 891.7344 V27k 2015
100 ## - ANA GİRİŞ - KİŞİSEL İSİM
Kişisel Ad Vasileva, Larisa Nikolayevna
245 ## - BAŞLIK TABLOSU
Başlık Kremlin kadınları
Sorumluluk Tablosu, Vb Larisa Nikolayevna Vasileva ; çev. Fatma Arıkan, Serdar Arıkan
260 ## - YAYIN, DAĞITIM, VB
Yayın, Dağıtım, Vb Yeri İstanbul
Yayıncı, Dağıtıcı, Vs Adı Eton yayıncılık
Yayın, Dağıtım, Vb Tarihi 2015
Üretici Firma İmak Ofset
300 ## - FİZİKSEL TANIM
Kapsam 390 s.
Diğer Fiziksel Ayrıntıları fotğ.
Boyutlar 21 sm.
650 ## - KONU KATMA GİRİŞ - TOPİKAL DÖNEM
Topikal Süreli Veya Coğrafi Ad Giriş Elemanı Rus Edebiyatı
Genel Alt Bölümü Roman
942 ## - EKLENDİ GİRİŞ ELEMANLARI (KOHA)
Sınıflandırma Veya Raf Düzeni Kaynak Dewey Decimal Classification
Koha Öğesi Türü Books
999 ## - SİSTEM KONTROL NUMARALARI (KOHA)
Koha Biblionumber 10682
Koha Biblioitemnumber 10682
Holdings
Kalıcı Konum Mevcut Konum Edinme Tarihi Edinim Kaynak Toplam Check-Out'Lar Tam Çağrı Numarası Barkod Tarih Son Görülme İtibaren Geçerli Fiyatlar Sigara Kamu Notu Koha Öğesi Türü
CHP Kütüphanesi CHP Kütüphanesi 05/31/2018 Bağış   891.7344 V27k 2015 018158 05/31/2018 05/31/2018 Bağışlayan: İhsan Doğan Books